[Event "Montcalm 5 2018-19"]
[Site "Quebec CAN"]
[Date "2019.02.21"]
[Round "2"]
[White "Dube, Daniel"]
[Black "Fecteau, Martin"]
[Result "1-0"]
[WhiteElo "1804"]
[BlackElo "1951"]
[PlyCount "93"]
[EventDate "2019.02.14"]
[EventType "swiss"]
[EventRounds "5"]
[EventCountry "CAN"]

1. e4 c5 2. Nf3 e6 3. d4 cxd4 4. Nxd4 Nf6 5. Nc3 Nc6 6. Ndb5 d6 7. Bf4 e5 8.
Bg5 a6 9. Na3 Be7 10. Bxf6 Bxf6 11. Nd5 Ne7 12. Nxf6+ gxf6 13. Nc4 d5 14. exd5
Nxd5 15. a4 Be6 16. c3 Qc7 17. a5 Rd8 18. Qa4+ Qd7 19. Nd6+ Ke7 20. Ne4 Qxa4
21. Rxa4 Nf4 22. Nc5 Bd5 23. f3 Rc8 24. b4 Ne6 25. Nxe6 Bxe6 26. Ra3 Rc7 27.
Bd3 Rhc8 28. Kd2 f5 29. Rb1 Rd8 30. Kc2 Rcd7 31. c4 e4 32. fxe4 fxe4 33. Bxe4
Bxc4 34. Rh3 Be6 35. Rc3 Rd2+ 36. Kc1 Rd1+ 37. Kb2 R8d2+ 38. Rc2 Rxb1+ 39. Kxb1
Rd7 40. Rf2 Rd4 41. Bxb7 Rxb4+ 42. Rb2 Ra4 43. Bxa6 Rxa5 44. Bd3 Bf5 45. Re2+
Kf6 46. Rf2 Kg6 47. Rxf5 1-0

[Event "Montcalm 5 2018-19"]
[Site "Quebec CAN"]
[Date "2019.02.21"]
[Round "2"]
[White "Fleury, Dominic"]
[Black "Cournoyer, Dominic"]
[Result "0-1"]
[WhiteElo "1414"]
[BlackElo "1992"]
[PlyCount "108"]
[EventDate "2019.02.14"]
[EventType "swiss"]
[EventRounds "5"]
[EventCountry "CAN"]

1. e4 g6 2. d4 Bg7 3. c3 d6 4. Nf3 Nf6 5. Bd3 O-O 6. O-O Nbd7 7. Re1 c5 8. d5
Ng4 9. Nbd2 Nge5 10. Nc4 Nxf3+ 11. Qxf3 b5 12. Nd2 Ne5 13. Qe2 Nxd3 14. Qxd3 b4
15. c4 a5 16. Rb1 e6 17. b3 exd5 18. Qxd5 Rb8 19. Bb2 Bb7 20. Qd3 Bxb2 21. Rxb2
f5 22. exf5 Rxf5 23. Nf1 Qf6 24. Rbe2 Rf8 25. f3 Qg5 26. Ng3 R5f6 27. Re7 Ba8
28. Re8 d5 29. R1e5 Qc1+ 30. Kf2 dxc4 31. Qxc4+ Qxc4 32. bxc4 Rxe8 33. Rxe8+
Rf8 34. Re5 Rc8 35. Ne4 Bxe4 36. fxe4 Kf7 37. Ke3 a4 38. Kd2 Kf6 39. Rd5 Ke6
40. Kc2 Rc7 41. Kb1 Rf7 42. Rxc5 Rf1+ 43. Kb2 Rf2+ 44. Kb1 Rxg2 45. Ra5 a3 46.
Rb5 Rb2+ 47. Ka1 Rxh2 48. Rxb4 Ke5 49. c5 Rc2 50. Rb3 Rc1+ 51. Rb1 Rxc5 52. Rb5
Kd4 53. e5 Rxb5 54. e6 Re5 0-1

[Event "Montcalm 5 2018-19"]
[Site "Quebec CAN"]
[Date "2019.02.21"]
[Round "2"]
[White "Gaulin, Gaetan"]
[Black "Jardine, Robert"]
[Result "1-0"]
[WhiteElo "1973"]
[BlackElo "1204"]
[PlyCount "67"]
[EventDate "2019.02.14"]
[EventType "swiss"]
[EventRounds "5"]
[EventCountry "CAN"]

1. Nf3 d5 2. c4 Nf6 3. g3 Nc6 4. Bg2 e5 5. cxd5 Nxd5 6. d3 Be7 7. O-O O-O 8.
Nc3 Be6 9. Bd2 Bf6 10. Ne4 Nce7 11. Rc1 b6 12. b4 c6 13. Qc2 Rc8 14. Qb2 Ng6
15. Rc2 Re8 16. Rfc1 Bd7 17. Nxf6+ Qxf6 18. Ng5 Qd6 19. Ne4 Qe7 20. a3 f6 21.
Nc3 Qf7 22. Qb3 Nge7 23. Nxd5 cxd5 24. Rc7 Be6 25. Qa4 Ra8 26. Rxa7 Rxa7 27.
Qxa7 h6 28. Rc7 Qf8 29. Qxb6 Bc8 30. b5 Kh8 31. Bb4 Qf7 32. Qc5 d4 33. Rxe7 Qa2
34. Rxe8+ 1-0

[Event "Montcalm 5 2018-19"]
[Site "Quebec CAN"]
[Date "2019.02.21"]
[Round "2"]
[White "Lescarbeau, Martin"]
[Black "Plante, Rejean"]
[Result "1/2-1/2"]
[WhiteElo "1722"]
[BlackElo "2034"]
[PlyCount "59"]
[EventDate "2019.02.14"]
[EventType "swiss"]
[EventRounds "5"]
[EventCountry "CAN"]

1. e4 c5 2. c3 d5 3. exd5 Qxd5 4. d4 Nf6 5. Nf3 Bg4 6. Be2 e6 7. Na3 Nc6 8. O-O
cxd4 9. Nb5 Rc8 10. Nbxd4 Be7 11. Nxc6 Qxc6 12. Ne5 Bxe2 13. Qxe2 Qb6 14. Bg5
h6 15. Bh4 Nd5 16. Bxe7 Kxe7 17. c4 Nf6 18. b4 Qxb4 19. Rfb1 Qc5 20. Rxb7+ Rc7
21. Rab1 Rhc8 22. R1b5 Rxb7 23. Rxb7+ Rc7 24. Qb2 Ne4 25. Rxc7+ Qxc7 26. Qb4+
Nc5 27. Nd3 Kd6 28. Qc3 Ke7 29. Qb4 Kd6 30. Qc3 1/2-1/2

[Event "Montcalm 5 2018-19"]
[Site "Quebec CAN"]
[Date "2019.02.21"]
[Round "2"]
[White "Sarra-Bournet, Marc"]
[Black "Marquis, Paul"]
[Result "1-0"]
[WhiteElo "1852"]
[BlackElo "1980"]
[PlyCount "61"]
[EventDate "2019.02.14"]
[EventType "swiss"]
[EventRounds "5"]
[EventCountry "CAN"]

1. e4 g6 2. d4 Bg7 3. Nf3 d6 4. Bd3 Bg4 5. c3 c6 6. O-O Nd7 7. h3 Bxf3 8. Qxf3
Ngf6 9. Nd2 O-O 10. Nc4 b5 11. Ne3 Qb6 12. Ng4 Nxg4 13. Qxg4 Nf6 14. Qh4 Rfe8
15. Be3 Qd8 16. Rad1 Nd7 17. Bg5 Bf6 18. f4 Bxg5 19. fxg5 f6 20. e5 dxe5 21.
dxe5 Nxe5 22. Bc4+ Nxc4 23. Rxd8 Raxd8 24. gxf6 exf6 25. b3 g5 26. Qf2 Ne3 27.
Re1 Nd5 28. Rxe8+ Rxe8 29. c4 bxc4 30. bxc4 Nb6 31. Qxf6 1-0

[Event "Montcalm 5 2018-19"]
[Site "Quebec CAN"]
[Date "2019.02.28"]
[Round "3"]
[White "Dube, Daniel"]
[Black "Gaulin, Gaetan"]
[Result "1-0"]
[WhiteElo "1804"]
[BlackElo "1973"]
[PlyCount "61"]
[EventDate "2019.02.14"]
[EventType "swiss"]
[EventRounds "5"]
[EventCountry "CAN"]

1. e4 c5 2. Nf3 Nc6 3. d4 cxd4 4. Nxd4 Nf6 5. Nc3 e5 6. Ndb5 d6 7. Bg5 a6 8.
Bxf6 gxf6 9. Na3 b5 10. Nd5 Be6 11. Bd3 Bg7 12. c3 Rb8 13. Nc2 f5 14. Nce3 f4
15. Nf5 Bxf5 16. exf5 Ne7 17. Be4 Nxd5 18. Qxd5 Qb6 19. O-O O-O 20. Qd1 Qd8 21.
Qh5 Qf6 22. g4 Qh6 23. Qxh6 Bxh6 24. Rfd1 Rfd8 25. h4 Bf8 26. g5 f6 27. Kh2 Be7
28. Bd5+ Kh8 29. Rg1 Rf8 30. g6 hxg6 31. Rxg6 1-0

[Event "Montcalm 5 2018-19"]
[Site "Quebec CAN"]
[Date "2019.02.28"]
[Round "3"]
[White "Fecteau, Martin"]
[Black "Dumont, Eric"]
[Result "1-0"]
[WhiteElo "1951"]
[BlackElo "1675"]
[PlyCount "113"]
[EventDate "2019.02.14"]
[EventType "swiss"]
[EventRounds "5"]
[EventCountry "CAN"]

1. Nf3 d5 2. d4 Nf6 3. c4 c6 4. g3 g6 5. Bg2 Bg7 6. O-O O-O 7. Nc3 dxc4 8. a4
a5 9. Qc2 Nd5 10. Rd1 Nb4 11. Qb1 Bf5 12. e4 Bg4 13. Be3 Nd3 14. Qa2 Bxf3 15.
Bxf3 Bxd4 16. Qxc4 Ne5 17. Qe2 Nxf3+ 18. Qxf3 e5 19. Bxd4 exd4 20. Ne2 c5 21.
Nf4 Nc6 22. Nd5 f5 23. Qb3 Rf7 24. exf5 gxf5 25. Nf4 Qd6 26. Re1 Ne5 27. Red1
Re8 28. Qb5 Qc6 29. Qxc6 Nxc6 30. Rac1 Re5 31. Nd3 Rd5 32. Nxc5 Re7 33. Kf1
Rde5 34. Nd3 Re2 35. Rc5 f4 36. gxf4 h6 37. b3 R2e4 38. Rd5 Kg7 39. Kg2 Re2 40.
Kf3 Rc2 41. Rb5 Rc3 42. Kg4 Rc2 43. Kh5 Rc3 44. Rg1+ Kh7 45. Rg3 Rc2 46. Rb6
Rf7 47. Kg4 Rg7+ 48. Kf5 Rf7+ 49. Ke6 Nd8+ 50. Kd5 Nc6 51. Ne5 Ne7+ 52. Ke6
Rf6+ 53. Kxf6 Nd5+ 54. Ke6 Nxb6 55. f5 Rxf2 56. f6 h5 57. Rg7+ 1-0

[Event "Montcalm 5 2018-19"]
[Site "Quebec CAN"]
[Date "2019.02.28"]
[Round "3"]
[White "Jardine, Robert"]
[Black "Sauve, Richard"]
[Result "0-1"]
[WhiteElo "1204"]
[BlackElo "1890"]
[PlyCount "68"]
[EventDate "2019.02.14"]
[EventType "swiss"]
[EventRounds "5"]
[EventCountry "CAN"]

1. e4 e6 2. Nf3 d5 3. Bd3 Nf6 4. exd5 exd5 5. O-O Be7 6. Nc3 O-O 7. Be2 d4 8.
Nb1 c5 9. Re1 Nc6 10. a3 Be6 11. d3 Qc7 12. Bd2 Rfd8 13. c4 dxc3 14. Nxc3 Nd4
15. Nxd4 cxd4 16. Na2 a5 17. Bf3 Bd6 18. g3 Qb6 19. Qb1 Bb3 20. Nc1 Bd5 21.
Bxd5 Nxd5 22. Ne2 Re8 23. Qa2 Nf6 24. Rac1 Rac8 25. Qb1 a4 26. Nf4 Qb5 27. Rxc8
Rxc8 28. Rc1 Re8 29. Re1 Rxe1+ 30. Bxe1 Bxa3 31. Qc2 Bxb2 32. Qc8+ Qe8 33.
Qxe8+ Nxe8 34. Ne2 a3 0-1

[Event "Montcalm 5 2018-19"]
[Site "Quebec CAN"]
[Date "2019.02.28"]
[Round "3"]
[White "Lescarbeau, Martin"]
[Black "Auger, Bertrand"]
[Result "0-1"]
[WhiteElo "1722"]
[BlackElo "1896"]
[PlyCount "80"]
[EventDate "2019.02.14"]
[EventType "swiss"]
[EventRounds "5"]
[EventCountry "CAN"]

1. e4 e6 2. d4 d5 3. e5 b6 4. Bd3 Ba6 5. Ne2 c5 6. c3 Bxd3 7. Qxd3 Nc6 8. O-O
Rc8 9. f4 Nh6 10. Nd2 cxd4 11. cxd4 Nf5 12. a3 Ncxd4 13. g4 Nxe2+ 14. Qxe2 Nd4
15. Qd3 Qd7 16. b4 Nb5 17. Bb2 Be7 18. Nf3 O-O 19. f5 Rc4 20. h3 Rfc8 21. f6
Bd8 22. Rf2 Nc3 23. Nd2 Ne4 24. Nxc4 Rxc4 25. Rf4 g5 26. Rff1 b5 27. h4 Bb6+
28. Kg2 Qc6 29. Rae1 gxh4 30. Rh1 Ng5 31. Rxh4 Rc2+ 32. Re2 d4+ 33. Kf1 Rxb2
34. Rh5 Qc1+ 35. Kg2 Rxe2+ 36. Qxe2 d3 37. Rxg5+ Qxg5 38. Qe4 Qd2+ 39. Kh1 Qd1+
40. Kg2 Qe2+ 0-1

[Event "Montcalm 5 2018-19"]
[Site "Quebec CAN"]
[Date "2019.02.28"]
[Round "3"]
[White "Marquis, Paul"]
[Black "Cummins, Paul"]
[Result "1/2-1/2"]
[WhiteElo "1980"]
[BlackElo "1719"]
[PlyCount "78"]
[EventDate "2019.02.14"]
[EventType "swiss"]
[EventRounds "5"]
[EventCountry "CAN"]

1. c4 e5 2. Nc3 Nf6 3. Nf3 Nc6 4. g3 d6 5. d3 Bg4 6. Bg2 h6 7. h3 Be6 8. O-O
Qd7 9. Kh2 Be7 10. Rb1 a5 11. a3 O-O 12. b4 axb4 13. axb4 Nh7 14. b5 Nd8 15.
Bd2 f5 16. Qc1 Nf7 17. Ng1 c6 18. bxc6 bxc6 19. Qb2 Rac8 20. Nd5 Bd8 21. Nb6
Bxb6 22. Qxb6 Nf6 23. Ra1 d5 24. Ra7 Qd8 25. Qa6 Ra8 26. cxd5 Rxa7 27. Qxa7
Bxd5 28. Bb4 Qb8 29. Qc5 Nd7 30. Qe7 Bxg2 31. Kxg2 Qc8 32. Bc3 c5 33. Qe6 Nf6
34. Qxc8 Rxc8 35. Nf3 e4 36. Nh4 Nd5 37. Bd2 Nd6 38. Rc1 exd3 39. exd3 Kf7
1/2-1/2

[Event "Montcalm 5 2018-19"]
[Site "Quebec CAN"]
[Date "2019.02.28"]
[Round "3"]
[White "Plante, Rejean"]
[Black "Lapierre, Gaetan"]
[Result "1-0"]
[WhiteElo "2034"]
[BlackElo "1737"]
[PlyCount "99"]
[EventDate "2019.02.14"]
[EventType "swiss"]
[EventRounds "5"]
[EventCountry "CAN"]

1. c4 e5 2. Nc3 Nf6 3. e4 d6 4. h3 Be7 5. Nf3 c5 6. d3 Nc6 7. Be2 h6 8. Nd2 Nd4
9. Nf1 Bd7 10. Ne3 a6 11. O-O O-O 12. f4 exf4 13. Rxf4 Nh7 14. Ncd5 Bg5 15. Rf1
f5 16. exf5 Nxf5 17. Nxf5 Bxf5 18. Qb3 Bxc1 19. Raxc1 Qg5 20. Qxb7 Rae8 21. Nf4
Bc8 22. Qc6 Bxh3 23. Bf3 Bc8 24. Qd5+ Kh8 25. Qxg5 Nxg5 26. Ng6+ Kg8 27. Bd5+
Be6 28. Nxf8 Bxd5 29. cxd5 Rxf8 30. Rxf8+ Kxf8 31. b4 cxb4 32. Rc6 a5 33. Ra6
Ke7 34. Kf2 Kf6 35. Ke3 Ke5 36. Rxa5 Nh7 37. g4 g6 38. d4+ Kf6 39. Ra6 Kg5 40.
Rxd6 Nf6 41. Kf3 Nxg4 42. Rb6 h5 43. d6 Nf6 44. Rxb4 Kf5 45. a4 g5 46. Rb5+ Kg6
47. a5 h4 48. a6 g4+ 49. Kf4 g3 50. a7 1-0

[Event "Montcalm 5 2018-19"]
[Site "Quebec CAN"]
[Date "2019.02.28"]
[Round "3"]
[White "Sarra-Bournet, Marc"]
[Black "Drolet, Stephane"]
[Result "0-1"]
[WhiteElo "1852"]
[BlackElo "2021"]
[PlyCount "59"]
[EventDate "2019.02.14"]
[EventType "swiss"]
[EventRounds "5"]
[EventCountry "CAN"]

1. e4 e5 2. Nf3 Nf6 3. Nxe5 Nxe4 4. Qe2 Qe7 5. Qxe4 d6 6. d4 dxe5 7. dxe5 Nc6
8. Bb5 Bd7 9. O-O O-O-O 10. Be3 a6 11. Bxc6 Bxc6 12. Qg4+ Kb8 13. Bg5 f6 14.
exf6 gxf6 15. Bh4 Qf7 16. Bg3 h5 17. Qh4 Be7 18. Nc3 f5 19. Qf4 Bd6 20. Qg5
Rdg8 21. Qh4 f4 22. Rad1 Rg4 23. Qh3 fxg3 24. fxg3 Qg7 25. Nd5 Bc5+ 26. Kh1 h4
27. Nf6 hxg3 28. Rd8+ Rxd8 29. Nxg4 Rd2 30. Rg1 0-1

[Event "Montcalm 5 2018-19"]
[Site "Quebec CAN"]
[Date "2019.03.07"]
[Round "4"]
[White "Auger, Bertrand"]
[Black "Fecteau, Martin"]
[Result "1/2-1/2"]
[WhiteElo "1896"]
[BlackElo "1951"]
[PlyCount "58"]
[EventDate "2019.02.14"]
[EventType "swiss"]
[EventRounds "5"]
[EventCountry "CAN"]

1. Nf3 Nf6 2. g3 g6 3. b4 Bg7 4. Bb2 O-O 5. Bg2 d6 6. c4 e5 7. d3 Nc6 8. b5 Ne7
9. Nbd2 Nd7 10. Qc2 Nc5 11. O-O a5 12. d4 exd4 13. Bxd4 Nf5 14. Bxg7 Nxg7 15.
e4 Bg4 16. h3 Bxf3 17. Nxf3 Qf6 18. Rad1 Nge6 19. Rd5 b6 20. Rfd1 Rad8 21. e5
dxe5 22. Nxe5 Rxd5 23. Rxd5 Rd8 24. Rxd8+ Nxd8 25. Ng4 Qd4 26. Ne3 Nde6 27. Kh2
h5 28. h4 Nd3 29. Bd5 Ndc5 1/2-1/2

[Event "Montcalm 5 2018-19"]
[Site "Quebec CAN"]
[Date "2019.03.07"]
[Round "4"]
[White "Cournoyer, Dominic"]
[Black "Sarra-Bournet, Marc"]
[Result "1-0"]
[WhiteElo "1992"]
[BlackElo "1852"]
[PlyCount "111"]
[EventDate "2019.02.14"]
[EventType "swiss"]
[EventRounds "5"]
[EventCountry "CAN"]

1. c4 e5 2. Nc3 Nf6 3. Nf3 Nc6 4. g3 Bc5 5. Bg2 d6 6. Na4 O-O 7. Nxc5 dxc5 8.
d3 h6 9. O-O Qe7 10. b3 Rb8 11. Bb2 Rd8 12. Nd2 Nd4 13. h3 Nf5 14. Kh2 Nd6 15.
Qc2 Nf5 16. Nf3 Nd4 17. Nxd4 cxd4 18. e3 Bf5 19. exd4 exd4 20. Rfe1 Qd7 21. Re5
c6 22. Rae1 Re8 23. Qd2 Rxe5 24. Rxe5 Re8 25. Qe2 Rxe5 26. Qxe5 Bxd3 27. Bxd4
Bb1 28. Qb8+ Kh7 29. Bxf6 gxf6 30. Qxa7 Kg7 31. b4 Qd2 32. Qxb7 Bxa2 33. Qxc6
Qxb4 34. c5 Qd4 35. Qd6 Qxf2 36. c6 Bc4 37. Qd1 Bb5 38. Qg4+ Kh7 39. Qe4+ f5
40. Qd5 Bf1 41. c7 Qc2 42. Qxf7+ Kh8 43. c8=Q+ Qxc8 44. Bxf1 Qc2+ 45. Bg2 Qf2
46. h4 Qc2 47. Kh3 Qd3 48. Qd5 Qc2 49. Qd8+ Kg7 50. Qd7+ Kf6 51. Qc6+ Qxc6 52.
Bxc6 Ke5 53. Kg2 Kd4 54. Kf3 Ke5 55. Bd7 Kf6 56. Kf4 1-0

[Event "Montcalm 5 2018-19"]
[Site "Quebec CAN"]
[Date "2019.03.07"]
[Round "4"]
[White "Drolet, Stephane"]
[Black "Dube, Daniel"]
[Result "1-0"]
[WhiteElo "2021"]
[BlackElo "1804"]
[PlyCount "31"]
[EventDate "2019.02.14"]
[EventType "swiss"]
[EventRounds "5"]
[EventCountry "CAN"]

1. Nf3 e6 2. c4 d5 3. g3 Nf6 4. Bg2 Be7 5. d4 O-O 6. Nc3 c6 7. Nd2 c5 8. dxc5
dxc4 9. O-O Bxc5 10. Nxc4 Qxd1 11. Rxd1 Nc6 12. Bxc6 bxc6 13. Na5 Bd7 14. Bg5
Rfd8 15. Bxf6 gxf6 16. Nb7 1-0

[Event "Montcalm 5 2018-19"]
[Site "Quebec CAN"]
[Date "2019.03.07"]
[Round "4"]
[White "Gaulin, Gaetan"]
[Black "Plante, Rejean"]
[Result "0-1"]
[WhiteElo "1973"]
[BlackElo "2034"]
[PlyCount "90"]
[EventDate "2019.02.14"]
[EventType "swiss"]
[EventRounds "5"]
[EventCountry "CAN"]

1. Nf3 c5 2. c4 Nf6 3. g3 g6 4. Bg2 Bg7 5. O-O O-O 6. Nc3 d5 7. cxd5 Nxd5 8.
Nxd5 Qxd5 9. d3 Nc6 10. Qa4 Qh5 11. Rb1 Bd7 12. Qh4 Qxh4 13. Nxh4 Rac8 14. Re1
e5 15. Bd2 Be6 16. b3 Rfd8 17. Rbc1 b6 18. Bc3 Bh6 19. Rc2 Nb4 20. Rb2 Bg7 21.
Rc1 Nd5 22. Bxd5 Bxd5 23. Ng2 f5 24. Ne3 Bb7 25. Nc4 Bh6 26. Bd2 Bg7 27. Bc3 b5
28. Na5 Ba8 29. Rbc2 Bh6 30. Bd2 Bf8 31. Bg5 Rd7 32. f3 e4 33. dxe4 fxe4 34.
Be3 exf3 35. exf3 Bxf3 36. Rd2 Rxd2 37. Bxd2 Bd5 38. Kf1 c4 39. bxc4 bxc4 40.
Bc3 Rc5 41. Bb4 Rb5 42. Bc3 Bg7 43. Be1 c3 44. Nb3 Bxb3 45. axb3 Rxb3 0-1

[Event "Montcalm 5 2018-19"]
[Site "Quebec CAN"]
[Date "2019.03.07"]
[Round "4"]
[White "Genest, Dominic"]
[Black "Lescarbeau, Martin"]
[Result "1-0"]
[WhiteElo "1681"]
[BlackElo "1722"]
[PlyCount "31"]
[EventDate "2019.02.14"]
[EventType "swiss"]
[EventRounds "5"]
[EventCountry "CAN"]

1. c4 e5 2. g3 Nf6 3. Bg2 Nc6 4. Nf3 d5 5. cxd5 Nxd5 6. Nc3 Nb6 7. d3 Be7 8. a3
a5 9. O-O O-O 10. Be3 Be6 11. Ne4 Nd5 12. Bc5 h6 13. Rc1 b6 14. Bxb6 cxb6 15.
Rxc6 Qd7 16. Nxe5 1-0

[Event "Montcalm 5 2018-19"]
[Site "Quebec CAN"]
[Date "2019.03.07"]
[Round "4"]
[White "Sauve, Richard"]
[Black "Labrecque, Rejean"]
[Result "1-0"]
[WhiteElo "1890"]
[BlackElo "1811"]
[PlyCount "67"]
[EventDate "2019.02.14"]
[EventType "swiss"]
[EventRounds "5"]
[EventCountry "CAN"]

1. d4 Nf6 2. c4 e6 3. Nc3 Bb4 4. Qc2 O-O 5. Bg5 d5 6. cxd5 exd5 7. e3 c6 8. Bd3
h6 9. Bh4 Nbd7 10. Nf3 Re8 11. a3 Bd6 12. O-O Qc7 13. Rfc1 Qb8 14. b4 b5 15. e4
Bf4 16. Re1 dxe4 17. Nxe4 Bb7 18. Nxf6+ Nxf6 19. Bxf6 gxf6 20. Qc5 Re6 21. Qf5
Bc8 22. Rxe6 Bxe6 23. Qxf6 Qd6 24. Re1 Re8 25. g3 Bg5 26. Nxg5 hxg5 27. Qxg5+
Kf8 28. Qf6 Rd8 29. Re4 Ke8 30. Rh4 Kd7 31. Bf5 Kc8 32. Qxf7 Bxf5 33. Qxf5+ Kb7
34. Rh7+ 1-0

[Event "Montcalm 5 2018-19"]
[Site "Quebec CAN"]
[Date "2019.03.14"]
[Round "5"]
[White "Dube, Daniel"]
[Black "Auger, Bertrand"]
[Result "0-1"]
[WhiteElo "1804"]
[BlackElo "1896"]
[PlyCount "86"]
[EventDate "2019.02.14"]
[EventType "swiss"]
[EventRounds "5"]
[EventCountry "CAN"]

1. e4 e6 2. d4 d5 3. Nc3 Bb4 4. e5 c5 5. a3 Bxc3+ 6. bxc3 Ne7 7. Qg4 Qc7 8.
Qxg7 Rg8 9. Qxh7 cxd4 10. Ne2 Nbc6 11. f4 Bd7 12. Qd3 dxc3 13. Qxc3 Nf5 14. Ng3
Nh4 15. Rb1 O-O-O 16. Rg1 Na5 17. Qxc7+ Kxc7 18. Bd2 Nc4 19. Bxc4 dxc4 20. Bb4
Bc6 21. Be7 Nxg2+ 22. Rxg2 Bxg2 23. Bxd8+ Rxd8 24. Rd1 Rh8 25. Kf2 Bd5 26. Kg1
b5 27. f5 a5 28. fxe6 fxe6 29. c3 Kc6 30. Rf1 b4 31. Rb1 b3 32. a4 Rf8 33. h4
Rf3 34. Kh2 Rxc3 35. h5 Rf3 36. h6 Rf7 37. Ne2 Rh7 38. Kg3 Rxh6 39. Kf4 Rh1 40.
Rxh1 Bxh1 41. Nc3 Kc5 42. Ke3 Bc6 43. Nb1 Bxa4 0-1

[Event "Montcalm 5 2018-19"]
[Site "Quebec CAN"]
[Date "2019.03.14"]
[Round "5"]
[White "Dube, Dominic"]
[Black "Lapierre, Gaetan"]
[Result "0-1"]
[WhiteElo "1774"]
[BlackElo "1737"]
[PlyCount "124"]
[EventDate "2019.02.14"]
[EventType "swiss"]
[EventRounds "5"]
[EventCountry "CAN"]

1. e4 d5 2. exd5 Nf6 3. d4 Nxd5 4. c4 Nf6 5. Nc3 Bf5 6. Nf3 c6 7. Qb3 Qb6 8.
Na4 Qxb3 9. axb3 Nbd7 10. Be2 e6 11. O-O Bc2 12. Bd1 Bxd1 13. Rxd1 Be7 14. h3
O-O 15. Nc3 a6 16. Ne5 Rfd8 17. Bf4 h6 18. f3 c5 19. d5 exd5 20. Nxd5 Nxd5 21.
cxd5 Nb6 22. Nc4 Nxd5 23. Bg3 b5 24. Ne5 Nb4 25. Be1 Bf6 26. Bxb4 Bxe5 27. Bxc5
Rxd1+ 28. Rxd1 Bxb2 29. Rd6 a5 30. Rd2 Bf6 31. Kf2 Rc8 32. Bb6 a4 33. bxa4 bxa4
34. Ra2 Rb8 35. Rxa4 Rxb6 36. g4 Bh4+ 37. Kg1 Rb1+ 38. Kg2 Rb2+ 39. Kg1 Bg3 40.
Ra8+ Kh7 41. Rd8 Kg6 42. Rd5 f6 43. Rf5 Rb4 44. Kg2 Be5 45. h4 Kf7 46. h5 Ke6
47. Kf2 Rf4 48. Rxf4 Bxf4 49. Ke2 Kd5 50. Kd3 Bg5 51. Ke2 Ke5 52. Kf2 Kf4 53.
Kg2 Bh4 54. Kh3 Bf2 55. Kg2 Ke3 56. Kf1 Be1 57. Kg2 Kf4 58. Kh3 Kxf3 59. g5
fxg5 60. Kh2 g4 61. Kh1 Kg3 62. Kg1 Kh3 0-1

[Event "Montcalm 5 2018-19"]
[Site "Quebec CAN"]
[Date "2019.03.14"]
[Round "5"]
[White "Fecteau, Martin"]
[Black "Gaulin, Gaetan"]
[Result "0-1"]
[WhiteElo "1951"]
[BlackElo "1973"]
[PlyCount "66"]
[EventDate "2019.02.14"]
[EventType "swiss"]
[EventRounds "5"]
[EventCountry "CAN"]

1. d4 Nf6 2. c4 e6 3. g3 d5 4. Bg2 Be7 5. Nf3 O-O 6. cxd5 exd5 7. Nc3 Nbd7 8.
O-O c6 9. a3 Re8 10. b4 Bd6 11. Qc2 h6 12. Nh4 Nf8 13. b5 Bd7 14. bxc6 bxc6 15.
Bd2 Rc8 16. Qd3 Qe7 17. e3 Ne4 18. a4 g5 19. Nf3 Bf5 20. Qe2 Nd7 21. Nxe4 Bxe4
22. Ne1 Bg6 23. Nd3 Nf6 24. Rfd1 Ne4 25. Be1 Rb8 26. Rab1 Qc7 27. Rxb8 Rxb8 28.
f3 Nf6 29. e4 Nd7 30. e5 Bf8 31. f4 Nb6 32. Ba5 Qc8 33. Bb4 Bxd3 0-1

[Event "Montcalm 5 2018-19"]
[Site "Quebec CAN"]
[Date "2019.03.14"]
[Round "5"]
[White "Lescarbeau, Martin"]
[Black "Marquis, Paul"]
[Result "1/2-1/2"]
[WhiteElo "1722"]
[BlackElo "1980"]
[PlyCount "96"]
[EventDate "2019.02.14"]
[EventType "swiss"]
[EventRounds "5"]
[EventCountry "CAN"]

1. e4 e6 2. d4 d5 3. e5 c5 4. c3 Nc6 5. Nf3 Qb6 6. a3 cxd4 7. cxd4 Nh6 8. b4
Nf5 9. Bb2 Be7 10. g4 Nh4 11. Nxh4 Bxh4 12. Nc3 Qxd4 13. Qxd4 Nxd4 14. Nxd5
Nc2+ 15. Kd2 exd5 16. Bb5+ Ke7 17. Kxc2 Bxg4 18. Bd4 b6 19. f4 Rac8+ 20. Kd2
Bf5 21. Rac1 Rxc1 22. Rxc1 Rc8 23. Rxc8 Bxc8 24. Bc6 Ke6 25. b5 Bd7 26. f5+ Ke7
27. Bxd5 Bxf5 28. a4 Be6 29. Be4 Kd7 30. a5 Bd8 31. Kc3 Kc8 32. a6 Kb8 33. Be3
h5 34. Bc6 g5 35. Kd4 Kc7 36. Ke4 g4 37. Bf2 Bg5 38. Be1 Be7 39. Bd2 Bc5 40.
Bf4 h4 41. Be8 Kd8 42. Bc6 h3 43. Bg5+ Be7 44. Be3 Kc7 45. Bf2 Bc5 46. Bg3 Kd8
47. Bh4+ Kc7 48. Bg3 Kd8 1/2-1/2

[Event "Montcalm 5 2018-19"]
[Site "Quebec CAN"]
[Date "2019.03.14"]
[Round "5"]
[White "Plante, Rejean"]
[Black "Drolet, Stephane"]
[Result "1/2-1/2"]
[WhiteElo "2034"]
[BlackElo "2021"]
[PlyCount "69"]
[EventDate "2019.02.14"]
[EventType "swiss"]
[EventRounds "5"]
[EventCountry "CAN"]

1. c4 Nf6 2. Nc3 e5 3. g3 Bb4 4. Bg2 O-O 5. Nd5 Nxd5 6. cxd5 c6 7. a3 Bc5 8. e3
Re8 9. Ne2 cxd5 10. b4 Bb6 11. Bxd5 Nc6 12. O-O Ne7 13. Bg2 d5 14. d4 e4 15. a4
Nf5 16. Nc3 Be6 17. a5 Bc7 18. Nb5 a6 19. Nxc7 Qxc7 20. Bd2 Nd6 21. Rc1 Nc4 22.
Bc3 Bd7 23. Re1 Qd8 24. Bf1 Nd6 25. Bd2 Bb5 26. Rc5 Bxf1 27. Rxf1 Nc4 28. Bc3
Qg5 29. Qe2 Rac8 30. Rb1 Na3 31. Ra1 Nb5 32. Bb2 h5 33. Rac1 Qf5 34. h4 Nd6 35.
R1c2 1/2-1/2

[Event "Montcalm 5 2018-19"]
[Site "Quebec CAN"]
[Date "2019.03.14"]
[Round "5"]
[White "Sarra-Bournet, Marc"]
[Black "Genest, Dominic"]
[Result "1-0"]
[WhiteElo "1852"]
[BlackElo "1681"]
[PlyCount "123"]
[EventDate "2019.02.14"]
[EventType "swiss"]
[EventRounds "5"]
[EventCountry "CAN"]

1. e4 c5 2. Nc3 e6 3. f4 Nc6 4. Nf3 g6 5. Bb5 Nge7 6. e5 d5 7. exd6 Qxd6 8. Ne4
Qxf4 9. d3 Qc7 10. Nf6+ Kd8 11. O-O h6 12. c3 Bg7 13. Ne4 a6 14. Bxc6 Qxc6 15.
Bf4 Nd5 16. Ne5 Bxe5 17. Bxe5 Rh7 18. Qf3 f5 19. Rad1 Bd7 20. Nd6 b6 21. Rfe1
Ne7 22. Qe2 Nc8 23. Bf6+ Kc7 24. Nc4 Kb7 25. Ne5 Qd6 26. d4 Bb5 27. c4 Be8 28.
dxc5 Qxc5+ 29. Kh1 Nd6 30. Nf3 Ne4 31. Bd4 Qc6 32. b4 Rc8 33. Ne5 Qc7 34. c5 b5
35. Nf3 Bc6 36. Be5 Qe7 37. Nd4 Bd5 38. Nxb5 Qh4 39. Nd6+ Nxd6 40. Bxd6 h5 41.
Kg1 Qc4 42. Rd2 Qxe2 43. Rexe2 g5 44. Rb2 Ka8 45. a4 Rb7 46. b5 axb5 47. axb5
Bc4 48. b6 Rd7 49. Re1 Kb7 50. Ra1 Kc6 51. Rb4 Bd3 52. Ra7 Rxa7 53. bxa7 Ra8
54. Rb6+ Kd7 55. Bb8 Be4 56. Rd6+ Ke7 57. Kf2 g4 58. g3 Bd5 59. Ke3 Be4 60. Kd4
Bd5 61. Ke5 f4 62. Kxf4 1-0

[Event "Montcalm 5 2018-19"]
[Site "Quebec CAN"]
[Date "2019.03.14"]
[Round "5"]
[White "Sauve, Richard"]
[Black "Cournoyer, Dominic"]
[Result "1/2-1/2"]
[WhiteElo "1890"]
[BlackElo "1992"]
[PlyCount "63"]
[EventDate "2019.02.14"]
[EventType "swiss"]
[EventRounds "5"]
[EventCountry "CAN"]

1. d4 d5 2. c4 c6 3. e3 Nf6 4. Nc3 Bf5 5. Nf3 e6 6. Bd3 Bxd3 7. Qxd3 Bd6 8. O-O
Nbd7 9. e4 dxe4 10. Nxe4 Nxe4 11. Qxe4 Nf6 12. Qc2 Qc7 13. Re1 O-O-O 14. Bd2 h6
15. Bc3 Rhg8 16. b4 Ng4 17. h3 Nf6 18. a4 Nd7 19. Ne5 Bxe5 20. dxe5 g5 21. Qe4
h5 22. g3 h4 23. g4 Nf8 24. f4 gxf4 25. Qxf4 Ng6 26. Qe3 Qb6 27. Qxb6 axb6 28.
Rad1 Nf4 29. Kh2 Ng6 30. Kg2 Nf4+ 31. Kh2 Ng6 32. Kg2 1/2-1/2